01147cam a22002774a 4500999001900000001000900019005001700028008004100045020001500086040001300101082002300114100002100137245027400158250001200432260004100444300004700485500006700532650002100599650003300620650002100653650002900674650002900703700003000732942000700762952010000769 c124934d1249341392553820211215101803.0050411s2005 orua bf 001 0 eng  a0881927503 cPK-LaUMT00a581.659222bFRO-P1 aFrohne, Dietrich10aPoisonous plants :ba handbook for doctors, pharmacists, toxicologists, biologists and veterinarians /cDietrich Frohne and Hans Jürgen Pfänder ; translated by Inge Alford ; consultant editors to the English edition and appendix, Patrick McKinney and Kirk Cumpston. a2nd ed. aPortland, Or. :bTimber Press,c2005 aviii, 469 p. :bill. (some col.) ;c28 cm. a"Translated from the German fifth edition (2004)"--T.p. verso. 0aPoisonous plants 0aPoisonous plantsxToxicology 0aPoisonous plants 0aPoisonous plantszEurope 0aPoisonous plantszEurope1 aPfänder, Hans Jürgen. cBK 00104070aHSCbHSCd2021-12-15l0o581.659 FRO-Pp140218r2021-12-15 00:00:00w2021-12-15yBK